000 00997 a2200181 4500
003 Nust
005 20221024093138.0
040 _cNust
082 _a621.3.COR
100 _aCorcoran, George F.
_941371
245 _aIntroductory electrical engineering /
_cGeorge F. Corcoran & Henry R. Reed
260 _aNew York
_bWiley
_c1957
300 _a527 p.
505 _aElectric Charge and Associated Energy (Page-1), Electric Current and Associated power (Page-34), D-C Circuit Analysis (Page-95), Magnetic Field Concepts (Page-170), Magnetic Effects (Page-214), Ferromagnetic Circuits (Page-266), Inductance (Page-317), The Electric Field (Page-364), Capacitance (Page-409), Boundary - :Layer Voltages (Page-465), A Units (Page-493), B Determinants (Page-506), C Energy Levels of Orbital Electrons (Page-517), D Chemical Element Referred to in This Text (Page-518), Appendix E Wire Table (Page-519).
600 _aGeorge F Corcoran
_941262
650 _aElectrical engineering
942 _2ddc
_cBK
999 _c180255
_d180255